000 01525nab a22002537a 4500
999 _c6554
_d6554
003 OSt
005 20260224093109.0
008 190506c xxu||||| |||| 00| 0 spa d
040 _cPJ
100 _97138
_aPeralta, Daniela Elizabet
245 1 0 _aAceptación del monto indemnizatorio ofrecido por la SRT. Reclamo ante la justicia por diferencias en la liquidación /
_cDaniela Elizabet Peralta.
260 _aBuenos Aires :
_bAbeledoPerrot,
_c2024.
300 _ap. 7-13
500 _aCita: TR LALEY AR/DOC/1503/2024.
505 _aSumario: I. Introducción.— II. Nulidad del acuerdo homologado en sede administrativa por diferencias en liquidación. ¿Es posible?— III. Principio de gratuidad.— IV. Irrenunciabilidad de los derechos.— V. Carácter alimentario de la indemnización por incapacidad laboral. El trabajador como "sujeto de preferente tutela".— VI. Actualización monetaria.— VII. Irrenunciabilidad de los derechos.— VIII. Liquidación conforme ley 24.557, arts. 11 y 12 - trabajador eventual.— IX. Conclusión.
505 _t¿Te interesa el texto completo? Comunicate al correo: koha@justierradelfuego.gov.ar
650 0 _91316
_aDERECHO LABORAL
650 0 _94942
_aCOMISIONES MÉDICAS
650 0 _95144
_aASEGURADOR POR RIESGOS DEL TRABAJO
650 0 _91406
_aINCAPACIDAD LABORAL
650 0 _91482
_aLEY SOBRE RIESGOS DEL TRABAJO
773 0 _02751
_93202
_dBuenos Aires : AbeledoPerrot, 2013-
_tRevista de derecho laboral y seguridad social. Nº 14 - Julio 2024
942 _2udc
_cANA